Loreto College Library, Kolkata
WEBOPAC (ONLINE PUBLIC ACCESS CATALOGUE)

Treasures of Ancient China (Record no. 37984)

MARC details
000 -LEADER
fixed length control field 00533nam a2200181Ia 4500
005 - DATE AND TIME OF LATEST TRANSACTION
control field 20230719091353.0
008 - FIXED-LENGTH DATA ELEMENTS--GENERAL INFORMATION
fixed length control field 140110s9999 xx 000 0 und d
020 ## - ISBN | অাই এস বি এন
ISBN | অাই এস বি এন 9789380262321
PRICE Rs.600.00
040 ## - CATALOGING SOURCE
Original cataloging agency Loreto College
041 ## - LANGUAGE CODE
Language code English
082 ## - DDC | ডিউই
Classification number | বর্গসংখ্যা 951
Book Number | গ্রন্থাঙ্ক TRE
245 ## - TITLE STATEMENT | অাখ্যা বিবরণী
Title | অাখ্যা Treasures of Ancient China
Statement of responsibility | লেখকের দায়িত্বের বিবরণ Archaeological Survey of India, Govt.of India
260 ## - IMPRINT | প্রকাশনা ক্ষেত্র
Place of publication | প্রকাশ স্থান New Delhi
Name of publisher | প্রকাশকের নাম Archaeological Survey of India, Govt.of India
Date of publication | প্রকাশ কাল [20--]
300 ## - PHYSICAL DESCRIPTION |
Page / Vol. No | পৃষ্ঠা / খন্ড সংখ্যা 300p.
650 ## - SUBJECT ADDED ENTRY--TOPICAL TERM | বিষয় শিরোনাম - মূল বিষয়
Topical term | মূল বিষয় Ancient History - China
850 ## - HOLDING INSTITUTION
Holding institution LCLIB
942 ## - ADDED ENTRY ELEMENTS (KOHA)
Koha item type Books
Holdings
Withdrawn status Lost status Source of classification Damaged status Not for loan Home library Current library Date acquired Total Checkouts Full call number Accession No. Date last seen Price effective from Koha item type Coded location qualifier
    Dewey Decimal Classification     Loreto College Loreto College 04/11/2013   951 TRE 49239 B41305 04/11/2013 04/11/2013 Books